| 000 | 01023nam a2200217 a 4500 | ||
|---|---|---|---|
| 008 | 101022s2008 ||||||||||||||||| || u | ||
| 020 | _a9781412934312 | ||
| 050 | _aHF 5415.32 Eas | ||
| 100 | _aVanhuele, Marc | ||
| 245 | 1 | 0 | _aConsumer behaviour: applications in marketing |
| 260 |
_aLondon: _bSAGE Publications _c2008 |
||
| 300 | _aviii, 334p.: ill. | ||
| 350 | _a0.00 | ||
| 650 | _aCONSUMER BEHAVIOUR | ||
| 650 | 0 | _aBUSINESS | |
| 700 | _aWright, Malcolm | ||
| 700 | _aEast, Robert | ||
| 995 |
_aMAIN LIBRARY OPEN ACCESS _D0.00 _e741967 _FCBU-MAIN LIBRARY (Kitwe) _H1 _I0.00 _jHF 5415.32 Eas _M2 _UAVAILABLE _WDec 27, 2010 _y741967 _ZMain Library Open Access Collection |
||
| 995 |
_aMAIN LIBRARY OPEN ACCESS _D0.00 _e741971 _FCBU-MAIN LIBRARY (Kitwe) _H1 _I0.00 _jHF 5415.32 Eas _M3 _UAVAILABLE _WDec 27, 2010 _y741971 _ZMain Library Open Access Collection |
||
| 995 |
_aANNEX COLLECTION (Main Library) _D0.00 _e742089 _FCBU-MAIN LIBRARY (Kitwe) _H1 _I0.00 _jHF 5415.32 Eas _M1 _UAVAILABLE _WNov 25, 2010 _y742089 _ZAnnex Low-Usage Collection |
||
| 999 |
_c79802 _d79802 |
||